Pays qui possédaient Fès à travers l'histoire - Statistiques

Statistiques générales
  • Ce quiz a été pris 50 fois
  • Le résultat moyen est 3 sur 10
Statistiques - réponses
Période Pays/Dynastie % Correct
1956-Aujoud'hui Maroc
95%
1912-1956 Protectorat français du Maroc
64%
1062-1147 Almoravides
19%
1147-1248 Almohades
14%
925-1062 Califat Fatimides
14%
1659-1912 Empire Chérifien
14%
788/789-925 Idrissides
12%
1248-1472 Sultanat Mérinide
10%
1472-1554 Wattassides
7%
1554-1659 Saadiens / Zaydanides
5%
Aucun quiz correspondant
Distribution des résultats
% des personnes avec chaque résultat
Percentile par nombre de réponses
Votre historique - résultats
Vous n’avez pas pris ce quiz